Générique de Galactik football - Statistiques

Statistiques générales
  • Ce quiz a été pris 374 fois
  • Le résultat moyen est 56 sur 110
Statistiques - réponses
Réponse % Correct
le
91%
a
88%
à
88%
Football
83%
de
82%
fluide
80%
Galactik
79%
la
79%
un
78%
Les
77%
les
77%
galaxie
72%
est
64%
peuples
62%
Souffle
62%
des
61%
sport
61%
dans
60%
pouvoirs
56%
interdit
55%
tous
55%
domaine
54%
Leur
54%
sauf
54%
plus
53%
une
53%
Une
53%
utiliser
52%
Akillian
50%
devenu
50%
puissance
50%
appelés
49%
spectaculaire
49%
Il
48%
et
46%
fluides
46%
qu'on
45%
maîtrisent
44%
Sur
44%
fantastiques
42%
notre
42%
Notre
42%
ans
37%
jeune
37%
génération
36%
planète
36%
glace
33%
joueurs
33%
y
32%
Cup
31%
quinze
30%
Quinze
30%
Mais
29%
neige
29%
en
27%
nouveau
27%
capable
26%
terrible
26%
disparaître
25%
maîtriser
25%
aujourd'hui
24%
d'Akillian
23%
explosion
23%
fit
23%
elle
22%
ressentir
22%
l'espoir
21%
renaît
21%
nos
20%
avenir
19%
chances
19%
dépend
19%
toutes
19%
balaya
18%
d'accéder
18%
l'écart
18%
compétitions
17%
secoua
17%
s'appele
15%
Saurons
9%
t'il
9%
Aucun quiz correspondant
Distribution des résultats
% des personnes avec chaque résultat
Percentile par nombre de réponses
Votre historique - résultats
Vous n’avez pas pris ce quiz